000
00488nam a2200133Ia 4500
008
100328s9999 xx 000 0 und d
082
_b
45777
100
_a
तासगावकर शशिकांत
245
_a
घराणं तमासगिराचं
260
_b
ग्रंथाली अभिनव वाचक चळवळ
630
_a
घराणं तमासगिराचं
730
_a
घराणं तमासगिराचं
942
_c
BOOK
999
_c
533861
_d
533858